000 00977nam a22002897a 4500
003 CHAP
005 20220329140718.0
008 971013s1979 r 10010 d
010 _a56399
011 _a57371
035 _a61526
040 _cCHAP
090 _aFolleto 5771
111 0 0 _aSimposium Nacional El Desarrollo Agroindustrial y el Apoyo Tecnológico de las Instituciones de Enseñanza Superior (
_n1
_d: 1979
_c: México, D. F.)
_9106470
245 _aResumen
260 _a(s.l.) :
_bComisión Nacional de Fruticultura,
_c1979
300 _as.p.
590 _aBATCH-UPD
_b10
_c20130110
_lUCH01
_h1436
590 _aBATCH-UPD
_b10
_c20130410
_lUCH01
_h0910
590 _aBATCH-UPD
_b10
_c20130914
_lUCH01
_h1448
590 _aCONVERSION
_b10
_c20130109
_lUCH01
_h1330
650 1 4 _aFruticultura
_xCongresos.
_943712
650 1 4 _aIndustrias agrícolas
_xCongresos.
_957939
901 _aBK
942 _cFOLL
949 _aFolleto 5771
_bBC
_cCONG
_d-132144
_eCONG
_i61526
_si
999 _c56399
_d56399